| 000 | 00952 am a2200301ui 4500 | ||
|---|---|---|---|
| 999 |
_c28750 _d28721 |
||
| 001 | 008742608 | ||
| 003 | EG-ScBUE | ||
| 005 | 20200920102118.0 | ||
| 008 | 761105t1976 enkab f 001 0 eng d | ||
| 020 | _a0491015372 | ||
| 040 |
_aUk _beng _erda _cUk _dEG-ScBUE |
||
| 082 | 0 | 4 |
_a910.02 _bBRY _222 |
| 100 | 1 |
_aBryant, Richard H. _q(Richard Hugh), _d1943- _eauthor. |
|
| 245 | 1 | 0 |
_aPhysical geography made simple / _cRichard H. Bryant, B.A., Ph.D. |
| 264 | 1 |
_aLondon : _bW. H. Allen : _bA Howard & Wyndham Company, _c[1976] |
|
| 264 | 4 | _cc1976 | |
| 300 |
_axiii, 320 pages : _billustrations, maps ; _c23 cm. |
||
| 336 |
_atext _2rdacontent _btxt |
||
| 337 |
_aunmediated _2rdamedia _bn |
||
| 338 |
_avolume _2rdacarrier _bnc |
||
| 490 | 0 | _aMade simple books | |
| 500 | _aIncludes appendix. | ||
| 500 | _aIncludes index. | ||
| 650 | 7 |
_aPhysical geography. _2BUEsh |
|
| 653 |
_bGGEN _cSeptember2020 |
||
| 655 |
_vReading book _934232 |
||
| 942 |
_2ddc _cBB |
||